000 00572nam a2200181Ia 4500
008 100920s9999 xx 000 0 und d
082 _b102306
_a24 न 08
100 _aनील एस. ए.
245 _aनीलची शाळा समर हिल.
260 _bराजहंस, पुणे.
_c2008
300 _a278
_bसाधी
365 _b200
520 _aसायो.
630 _aनीलची शाळा समर हिल.
650 _aसायो.
730 _aनीलची शाळा समर हिल.
942 _cBOOK
999 _c742739
_d742736